000 00643cam a22002417a 4500
003 CHAP
005 20220329140504.0
008 971013s1978 r 00010 d
010 _a52723
011 _a53695
035 _a57845
040 _cCHAP
082 _a036
_bW6
245 1 4 _aThe world in figures
260 _aNew York :
_bFacts on File,
_c1978
300 _a294 p.
_b: ilus.
590 _aBATCH-UPD
_b10
_c20130110
_lUCH01
_h1850
590 _aCONVERSION
_b10
_c20130109
_lUCH01
_h1328
650 1 4 _aEnciclopedias y diccionarios.
_936750
901 _aBK
942 _cLIBRO
949 _a036 W6
_bBC
_cC
_d-125692
_eC
_h56432
_i57845
_si
999 _c52723
_d52723